Световна литература за деца и юноши (Запис номер 75735)
[ съкратено ]
| 000 -Лидер | |
|---|---|
| Контролно поле с фиксирана дължина | 01712nam a2200373 c 4500 |
| 003 - Код на организацията, давaща контролен номер | |
| Контролно поле | BLK |
| 005 - Дата и час на последна редакция | |
| Контролно поле | 20230215175033.0 |
| 008 - Елементи от данни с фиксирана дължина | |
| fixed length control field | 180408b bul|||||r ||||||| ||bul|| |
| 010 ## - Наследен системен номер | |
| LC control number | KNG00080155000 |
| 020 ## - Международен стандартен номер на книга ISBN | |
| Международен стандартен номер на книга ISBN | 978-954-07-2623-6 |
| -- | издат.: Унив. изд. Св. Климент Охридски - на том(т. 1) |
| 040 ## - Източник на каталожния запис | |
| Идентификатор на билиотеката - собственик на записа | BLK |
| 041 ## - Код за език | |
| Код за езика на текст/звукозапис или на отделно заглавие | Български |
| Код за езика КДБФ | Български |
| 080 ## - УДК | |
| Текстов определител УДК | Литература на отделни езици и езикови семейства |
| УДК код - определител по УДК | 821 |
| УДК определител | (092)(031) |
| УДК - код + определител | 821(092)(031) |
| 080 ## - УДК | |
| Текстов определител УДК | Литература на отделни езици и езикови семейства |
| УДК код - определител по УДК | 821 |
| УДК определител | -93-8 |
| УДК - код + определител | 821-93-8 |
| 080 ## - УДК | |
| Текстов определител УДК | Биографии |
| УДК код - определител по УДК | 929 |
| УДК определител | (100) |
| УДК - код + определител | 929(100) |
| 139 ## - Редно поле | |
| Редна дума | Световна литература за деца и юноши |
| Авторски знак | Све - С 25 |
| 245 10 - Сведения за заглавието | |
| Заглавие | Световна литература за деца и юноши |
| Подзаглавни данни | Т. 1 - |
| Редно поле (дума) | състав. Малинка Димитрова Димитрова. |
| Том | Т. 1 |
| 257 ## - Страна на издаване | |
| Страна на създаване/издаване | България |
| 260 ## - Област на издателските данни | |
| -- | София |
| Година на издаване | 2007 - |
| 300 ## - Физическа характеристика | |
| Размери/Мащаб | 24 см |
| 380 ## - Жанр | |
| Жанр | Детска отраслова лит. |
| 500 ## - Общи забележки | |
| Забележка | Офс. изд. |
| 504 ## - Забележка за наличие на библиография и др | |
| Забележка за наличие на библиография и под. | 393-396 |
| 650 #4 - Допълнително описание по предмет – тема | |
| Основно описание – тема или топоним | Писатели - биографии |
| 9 (RLIN) | 277854 |
| 653 ## - Ключова дума – ненормативна | |
| Ключова дума | детски писатели |
| 653 ## - Ключова дума – ненормативна | |
| Ключова дума | биографии |
| 700 1# - Други автори (авторска отговорност) | |
| Лично име | Димитрова, Малинка Димитрова |
| Автороска отговорност (Описва отношението между автора и произведението) | състав. |
| 9 (RLIN) | 297572 |
| 760 1# - Описание на основната серия | |
| -- | - на том(т. 1) |
| Място на издаване, издател и година | Унив. изд. Св. Климент Охридски, 2007 |
| Страници - том | 399 с. : със сн. |
| Забележка - том | Съдържа и Биографични сведения за авт. - Библиогр. с. 393-396. |
| Заглавие | Т. 1 |
| 852 ## - Местоположение | |
| Форматна сигнатура | Цб 237475 |
| 856 4# - Електронен адрес и достъп | |
| Електронен формат | pdf - файл |
| Път до файла /url/ | |
| 856 4# - Електронен адрес и достъп | |
| Електронен формат | pdf - файл |
| Път до файла /url/ | |
| 942 ## - АРТИКУЛИ | |
| Вид на библиотечния материал | Книги |
| Скрит в OPAC | Не |
| Koha issues (borrowed), all copies | 4 |
| 944 ## - СЪЗДАВАНЕ И РЕДАКЦИЯ на ЗАПИСА | |
| Създаване/Редакция | Създаване |
| Дата на регистрацията/редакция | 14.12.2007 |
| Служител, извършил регистрацията/редакцията | Геновева_Генчева |
| 944 ## - СЪЗДАВАНЕ И РЕДАКЦИЯ на ЗАПИСА | |
| Създаване/Редакция | Редакция |
| Дата на регистрацията/редакция | 06.03.2009 |
| Служител, извършил регистрацията/редакцията | |
| 999 ## - СИСТЕМНИ КОНТРОЛНИ НОМЕРА | |
| Koha biblionumber | 75735 |
| Koha biblioitemnumber | 75735 |
| Код за отписване | Код за изгубен артикул | Източник на класификационната схема | Код за повреда | Коз за рестрикции | Код за отдаване | Артикулен № | Име на библиотеката - собственик | Име на библиотеката, в която се намира в момента | Статус (Текущо местоположение) | Дата на вписване в системата | Местоположение - отдел | Цена в лева | Инвентарен номер | Систематично азбучна сигнатура | Баркод | Номер на екземпляра | Цена в евро | Служебна бележка | Служебен тип на артикула |
|---|---|---|---|---|---|---|---|---|---|---|---|---|---|---|---|---|---|---|---|
| Не е изгубен | Universal Decimal Classification | Не е повреден | без рестрикции | ползва се в читалня | 122977 | Регионална библиотека "Любен Каравелов" Русе | Регионална библиотека "Любен Каравелов" Русе | Детски отдел - справочен фонд | 2007-12-14 | Детски отдел - справочен фонд | 15.00 | 120000720994 | СД 820/899(092)/С 25 | 120000720994 | 1 | 7.67 | Дост: Pk Вид: Ф N: 12778 Дата: 11.12.2007 Дата инв: 20.11.2017 Бележки инв: СД2017 | Книги | |
| Не е изгубен | Universal Decimal Classification | Не е повреден | без рестрикции | заемане за дома | 122978 | Регионална библиотека "Любен Каравелов" Русе | Регионална библиотека "Любен Каравелов" Русе | Детски отдел | 2008-05-20 | Детски отдел | 15.00 | 120000726451 | ДН 821.09/С 25 | 120000726451 | 2 | 7.67 | Дост: Pk Вид: Ф N: 3676 Дата: 14.05.2008 Дата инв: 06.12.2016 Бележки инв: Д2016 | Книги | |
| Не е изгубен | Не е повреден | без рестрикции | ползва се в читалня | 122979 | Регионална библиотека "Любен Каравелов" Русе | Регионална библиотека "Любен Каравелов" Русе | Хранилище | 2009-01-19 | Хранилище | 15.00 | 120000732806 | Цб 237475 | 120000732806 | 3 | 7.67 | Дост: Dp Вид: Д N: 34 Дата: 06.08.2008 | Книги |